Statistiken für 90 Sekunden-Städte des Ruhrgebiets

Klicken Sie hier um das Quiz zu spielen!

Allgemein

  • Dieses Quiz wurde 58 mal gespielt
    (10 seit der letzten Aktualisierung)
  • Das Durchschnittsergebnis liegt bei 15 aus 54

Antwortstatistiken

Antwort% Korrekt
Dortmund
100%
Bochum
89%
Bottrop
78%
Duisburg
78%
Essen
78%
Mülheim a. D. Ruhr
67%
Oberhausen
67%
Recklinghausen
67%
Witten
67%
Castrop-Rauxel
56%
Gelsenkirchen
56%
Gladbeck
56%
Hagen
56%
Hamm
56%
Hattingen
44%
Herne
44%
Marl
44%
Moers
44%
Wesel
44%
Wetter
33%
Datteln
22%
Kamen
22%
Lünen
22%
Sprockhövel
22%
Alpen
11%
Bergkamen
11%
Dinslaken
11%
Dorsten
11%
Ennepetal
11%
Herdecke
11%
Hünxe
11%
Kamp-Lintfort
11%
Oer-Erkenschwick
11%
Schwerte
11%
Selm
11%
Waltrop
11%
Xanten
11%
Bönen
0%
Breckerfeld
0%
Gevelsberg
0%
Haltern am See
0%
Hamminkeln
0%
Herten
0%
Holzwickede
0%
Neukirchen-Vluyn
0%
Nordkirchen
0%
Olfen
0%
Repelen
0%
Rheinberg
0%
Schermbeck
0%
Schwelm
0%
Sonsbeck
0%
Voerde
0%
Werne
0%

Verteilung der Resultate

Perzentil nach korrekt beantworteten Fragen

Anzahl Personen mit jedem Resultat

Ihre Resultats-Entwicklung

Sie haben dieses Quiz seit der letzten Aktualisierung nicht gespielt